Los peores desastres militares: las más grandes catástrofes en el campo de batalla
Guardado en:
| Autor principal: | |
|---|---|
| Formato: | Libro |
| Lenguaje: | español |
| Publicado: |
Barcelona
Océano
2011
|
| Edición: | 1a. ed |
| Colección: | Travesía
|
| Materias: | |
| Etiquetas: |
Agregar Etiqueta
Sin Etiquetas, Sea el primero en etiquetar este registro!
|
MARC
| LEADER | 00000cam a2200000 a 4500 | ||
|---|---|---|---|
| 001 | UCF1868 | ||
| 003 | CL-VaPUC | ||
| 008 | 120727e20110000SP |||||||||||||||||spa|d | ||
| 020 | |a 9788449442049 | ||
| 082 | 0 | 4 | |a 355.409 |b MCN |2 21 |
| 100 | |a McNab, Chris |e autor |9 563390 | ||
| 245 | 1 | 4 | |a Los peores desastres militares: las más grandes catástrofes en el campo de batalla |
| 250 | |a 1a. ed | ||
| 300 | |a 320 p | ||
| 942 | |c BK | ||
| 945 | |d 20120727 00:00:00 |a dcastane | ||
| 260 | |a Barcelona |b Océano |c 2011 | ||
| 650 | 7 | |a BATALLAS |2 CL-VaPUC |9 376940 | |
| 650 | 0 | |a Desastres |9 263945 | |
| 583 | |a last modification |c 20120727 13:37:00 |k Rodrigo Vera | ||
| 490 | 0 | |a Travesía | |
| 999 | |c 348556 |d 348554 | ||
| 952 | |0 0 |1 0 |4 0 |6 355_409000000000000_MCN_2011 |7 0 |8 A |9 450614 |a BIBING |b BIBING |d 2019-11-22 |i 4872975 |o 355.409 MCN 2011 |p 4872975 |r 2025-01-20 |w 2019-11-22 |y BK |k CUI | ||